Villes d'Occitanie A-Z - Statistiques

Statistiques générales
  • Ce quiz a été pris 445 fois
    21 depuis la dernière actualisation
  • Le résultat moyen est 12 sur 21
Statistiques - réponses
Ville Population Département % Correct
T Toulouse 515 000 Haute-Garonne 31
100%
B Béziers 82 000 Hérault 34
93%
C Carcassonne 46 000 Aude 11
93%
A Albi 51 000 Tarn 81
86%
R Rodez 24 000 Aveyron 12
86%
N Nîmes 152 000 Gard 30
79%
M Montpellier 310 000 Hérault 34
71%
P Perpignan 122 000 Pyrénées-Orientales 66
64%
U Uzès 9 000 Gard 30
64%
F Frontignan 24 000 Hérault 34
57%
L Lunel 27 000 Hérault 34
57%
S Sète 45 000 Hérault 34
57%
G Gaillac 15 000 Tarn 81
43%
I Ille-sur-Têt 6 000 Pyrénées-Orientales 66
43%
D Decazeville 5 000 Aveyron 12
36%
O Onet-le-Château 12 080 Aveyron 12
36%
E Elne 10 000 Pyrénées-Orientales 66
29%
J Juvignac 14 000 Hérault 34
21%
Q Quint-Fonsegrives 6 000 Haute-Garonne 31
21%
V Vauvert 12 000 Gard 30
21%
H Hérépian 2 000 Hérault 34
7%
Aucun quiz correspondant
Distribution des résultats
% des personnes avec chaque résultat
Percentile par nombre de réponses
Votre historique - résultats
Vous n’avez pas pris ce quiz depuis la dernière actualisation